000 01362nam a2200397 i 4500
001 197458
003 ES-MaACL
005 20250805062634.0
007 ta
008 890517s1987 sp spa
015 _a1989-OCT-19059
016 7 _abimoBNE19910460033
_zSAB9000050489
_2SpMaBN
017 _aM 16057-1987
_bOficina Depósito Legal Madrid
020 _a8486280265
035 _a(OCoLC)435151611
035 _a(SpMaBN)bimo0000045420
040 _aSpMaBN
_bspa
_cSpMaBN
_erdc
080 _a324(460.27 M.)"1931"
100 1 _aVillalaín, Pablo
_eaut
_9240814
245 1 4 _aLas elecciones municipales de 1931 en Madrid /
_cPablo Villalain.
250 _a[1ª ed.]
260 _aMadrid :
_bEl Avapiés,
_c1987
300 _a152 p. :
_bil. ;
_c22 cm.
336 _2rdacontent
_atexto
337 _2rdamedia
_asin mediación
338 _2rdacarrier
_avolumen
490 1 _aMatrice ;
_v1
504 _aBibliografía: p. 149-152
650 7 _aElecciones-
_zMadrid-
_y1931-1939
_2embne
_9240815
852 _aES-MaACL
_cDEPO1
_jA-15551
_hDonación: Fernando Codina Rodríguez
_xEncuadernación rústica con solapas
_9205898
903 _aCodina Rodríguez, Fernando
_ednr
_9238631
942 _n0
_cMONOGRAFIA
999 _c197458
_d197458